Aghar subha talue hui (Record no. 585330)
[ view plain ]
| 000 -LEADER | |
|---|---|
| fixed length control field | 00479nam a22001817a 4500 |
| 003 - CONTROL NUMBER IDENTIFIER | |
| control field | CEME |
| 005 - DATE AND TIME OF LATEST TRANSACTION | |
| control field | 20210628210647.0 |
| 008 - FIXED-LENGTH DATA ELEMENTS--GENERAL INFORMATION | |
| fixed length control field | 210105b xxu||||| |||| 00| 0 eng d |
| 020 ## - INTERNATIONAL STANDARD BOOK NUMBER | |
| International Standard Book Number | 9694961297 |
| 040 ## - CATALOGING SOURCE | |
| Transcribing agency | . |
| 082 ## - DEWEY DECIMAL CLASSIFICATION NUMBER | |
| Classification number | 891.4394 RAN |
| 100 ## - MAIN ENTRY--PERSONAL NAME | |
| Personal name | Ranja , Sajawal Khan |
| 9 (RLIN) | 80384 |
| 245 ## - TITLE STATEMENT | |
| Title | Aghar subha talue hui |
| 260 ## - PUBLICATION, DISTRIBUTION, ETC. | |
| Place of publication, distribution, etc. | ISLAMABAD |
| Name of publisher, distributor, etc. | DOST PUBLICATIONS |
| Date of publication, distribution, etc. | 2000 |
| 300 ## - PHYSICAL DESCRIPTION | |
| Extent | 291P |
| 650 ## - SUBJECT ADDED ENTRY--TOPICAL TERM | |
| Topical term or geographic name entry element | URDU ADAB-ESSAYS.BIOGRAPHY-SAJAWAL KHAN RANJHA, |
| 9 (RLIN) | 80385 |
| 942 ## - ADDED ENTRY ELEMENTS (KOHA) | |
| Koha item type | Book |
| Source of classification or shelving scheme | |
| Withdrawn status | Lost status | Source of classification or shelving scheme | Damaged status | Not for loan | Permanent Location | Current Location | Shelving location | Date acquired | Shelving control number | Full call number | Barcode | Date last seen | Price effective from | Koha item type | Public note |
|---|---|---|---|---|---|---|---|---|---|---|---|---|---|---|---|
| College of Electrical & Mechanical Engineering (CEME) | College of Electrical & Mechanical Engineering (CEME) | Fiction | 03/09/2017 | Urdu Literature | 891.4394 RAN | CEME-47220 | 06/28/2021 | 06/28/2021 | Book | 1.0 | |||||
| College of Electrical & Mechanical Engineering (CEME) | College of Electrical & Mechanical Engineering (CEME) | Fiction | 03/09/2017 | Urdu Literature | 891.4394 RAN | CEME-47221 | 06/28/2021 | 06/28/2021 | Book | 1.0 | |||||
| College of Electrical & Mechanical Engineering (CEME) | College of Electrical & Mechanical Engineering (CEME) | Fiction | 03/09/2017 | Urdu Literature | 891.4394 RAN | CEME-47222 | 06/28/2021 | 06/28/2021 | Book | 1.0 | |||||
| College of Electrical & Mechanical Engineering (CEME) | College of Electrical & Mechanical Engineering (CEME) | Fiction | 03/09/2017 | Urdu Literature | 891.4394 RAN | CEME-47223 | 06/28/2021 | 06/28/2021 | Book | 1.0 | |||||
| College of Electrical & Mechanical Engineering (CEME) | College of Electrical & Mechanical Engineering (CEME) | Fiction | 03/09/2017 | Urdu Literature | 891.4394 RAN | CEME-47224 | 06/28/2021 | 06/28/2021 | Book | 1.0 |
